| 000 | 00421nam a22001457a 4500 | ||
|---|---|---|---|
| 020 | _a978-1032402710 | ||
| 082 |
_a338.4791 _bEDG |
||
| 100 | _aEdgell, David L. | ||
| 245 |
_aTourism policy and planning : yesterday, today and tomorrow / _cDavid L. Edgell, Jason R. Swanson. |
||
| 250 | _a4th Edition. | ||
| 260 |
_aNew Yark: _bRoutledge, _c2024. |
||
| 300 | _axv, 190p. : | ||
| 563 | _aPB | ||
| 942 |
_2ddc _cBK |
||
| 999 |
_c613556 _d613556 |
||